| 000 | 00712na a2200253 4500 | ||
|---|---|---|---|
| 001 | 15039 | ||
| 003 | MIRAKIL | ||
| 005 | 20181213155247.0 | ||
| 008 | 170117b tu 000 0 | ||
| 035 | _a15039 | ||
| 040 |
_aMilas _btur _cTR-AnCHP |
||
| 041 | _atur | ||
| 082 |
_aCHP 923.2 Ecevit,B. _bA92o [t.y.] |
||
| 090 | _aCHP 923.2 Ecevit,B. A92o [t.y.] | ||
| 100 | _aAydın, İrfan | ||
| 245 | _a10 yıl önce 10 yıl sonra Ecevit | ||
| 246 | _a10 yıl sonra Ecevit | ||
| 246 | _a10 yıl önce Ecevit | ||
| 260 |
_aAnkara _b[yayl. y.] _c[t.y.] |
||
| 300 |
_a86 s. _bfotğ. _c18 sm. |
||
| 600 |
_aEcevit, Bülent _d1925 - 2006 _x12 Eylül 1980 |
||
| 650 |
_aCHP _xBaşkanlar _yTarih |
||
| 942 |
_2ddc _cBKS |
||
| 999 |
_c9474 _d9474 |
||